| 000 | 00686nam a2200205 i 4500 | ||
|---|---|---|---|
| 001 | 59145 | ||
| 003 | ES-MaACL | ||
| 007 | t| | ||
| 008 | 031027s1981 sp ||||1| spa d | ||
| 100 | 1 |
_aEliade, Mircea. _946955 |
|
| 245 | 1 | 0 |
_aMedianoche de Serampor _b: ; seguido de, El secreto del doctor Honigberger / _cMircea Eliade ; [traducción, Joaquín Jordá]. |
| 260 |
_aBarcelona : _bAnagrama, _c[1981] |
||
| 300 |
_a134 p. ; _c20 cm. |
||
| 490 | 1 |
_aPanorama de narrativas ; _v4 |
|
| 700 | 1 |
_aJordá, Joaquín. _966895 |
|
| 740 | 3 | _aEl secreto del doctor Honigberger. | |
| 830 | 0 | 0 |
_aPanorama de narrativas _v4 _9123642 |
| 852 |
_aES-MaACL _jL-7039 _bR.107569 |
||
| 999 |
_c59145 _d59145 |
||